000 00654nam a2200193 i 4500
001 93055
003 ES-MaACL
007 t|
008 050407s1955 sp ||||1| spa d
100 1 _aLoehr, Aemiliana.
_973094
245 1 3 _aEl año del Señor
_b: el misterio de Cristo en el año Eclesiástico /
_cAemiliana Loehr; [traducción del original alemán y revisión hecha por Don Angel Mª Vergés].
260 _aMadrid :
_bAtenas,
_c1955.
300 _a2 t. ;
_c20 cm.
490 1 _aAscesis ;
_vXXI
700 1 _aVergés, Angel María.
_9114100
830 0 _aAscesis ;
_vXXI
_9182283
852 _aES-MaACL
_jC-9701-2
_bR.37520
999 _c93055
_d93055